Message from the Chair about the future of the Infrastructure Planning Commission (Record no. 82403)
[ view plain ]
| 000 -LEADER | |
|---|---|
| fixed length control field | 01272cad a22001935a 4500 |
| 001 - CONTROL NUMBER | |
| control field | L150117 |
| 008 - FIXED-LENGTH DATA ELEMENTS--GENERAL INFORMATION | |
| fixed length control field | 100604s2010 xxk 000 0 eng d |
| 035 ## - SYSTEM CONTROL NUMBER | |
| System control number | (Sirsi) u150117 |
| 110 2# - MAIN ENTRY--CORPORATE NAME | |
| Corporate name or jurisdiction name as entry element | Infrastructure Planning Commission |
| 9 (RLIN) | 5799 |
| 245 00 - TITLE STATEMENT | |
| Title | Message from the Chair about the future of the Infrastructure Planning Commission |
| Medium | [electronic resource] |
| 260 ## - PUBLICATION, DISTRIBUTION, ETC. | |
| Date of publication, distribution, etc. | 2010 |
| 490 ## - SERIES STATEMENT | |
| Series statement | Infrastructure Planning Commission News Release |
| 520 ## - SUMMARY, ETC. | |
| Summary, etc. | New government is to bring forward legislation next year to replace the Infrastructure Planning Commission (IPC) to put decision making on a more democratic footing. New legislation is provisionally due to be introduced around the end of 2010 and if passed will become law in 2011. A Major Infrastructure Unit is proposed as part of a revised Communities and Local Government structure including the planning inspectorate. Confirms that the IPC will continue its existing duties and the changes will not delay any planning applications. |
| 590 ## - LOCAL NOTE (RLIN) | |
| Local note | KA NTK |
| 651 #4 - SUBJECT ADDED ENTRY--GEOGRAPHIC NAME | |
| Geographic name | United Kingdom |
| Chronological subdivision | |
| 690 ## - LOCAL SUBJECT ADDED ENTRY--TOPICAL TERM (OCLC, RLIN) | |
| Topical term or geographic name as entry element | ENVIRONMENTAL AND LAND CONSULTANCY-PLANNING AND DEVELOPMENT |
| 856 40 - ELECTRONIC LOCATION AND ACCESS | |
| Uniform Resource Identifier | <a href="https://infrastructure.independent.gov.uk/?page_id=8">https://infrastructure.independent.gov.uk/?page_id=8</a> |
| Public note | View the website free of charge at www.infrastructure.communities.gov.uk... |
| 942 ## - ADDED ENTRY ELEMENTS (KOHA) | |
| Suppress in OPAC | 0 |
| Withdrawn status | Lost status | Source of classification or shelving scheme | Damaged status | Not for loan | Home library | Current library | Shelving location | Date acquired | Total Checkouts | Full call number | Barcode | Date last seen | Copy number | Price effective from | Koha item type |
|---|---|---|---|---|---|---|---|---|---|---|---|---|---|---|---|
| Dewey Decimal Classification | Virtual | Virtual | Online | 04/06/2010 | ONLINE PUBLICATION | 150117-2001 | 06/08/2019 | 1 | 06/08/2019 | Journal article |